| 000 | 00675nam a2200241Ia 4500 | ||
|---|---|---|---|
| 003 | OSt | ||
| 005 | 20220928113656.0 | ||
| 006 | a|||||r|||| 00| 0 | ||
| 007 | ta | ||
| 008 | 220927b |||||||| |||| 00| 0 eng d | ||
| 024 | _a31259 | ||
| 037 | _cTextual | ||
| 040 |
_aSDCL _cSDCL _beng |
||
| 041 |
_2eng _aeng |
||
| 082 | _aX9:6.2'N8, M4 | ||
| 100 |
_aBidani S N _9434404 |
||
| 245 | 0 |
_aBank finance for industry _b Working capital and term loans |
|
| 260 |
_aNew Delhi _bVision Books _c1984 |
||
| 300 |
_avii,279p _ccm. |
||
| 700 |
_a Mitra P K _9434405 |
||
| 942 |
_hX9:6.2'N8, M4 _cTEXL _2CC |
||
| 999 |
_c750749 _d750749 |
||